000 00295nam a22001337a 4500
008 260331b ||||| |||| 00| 0 eng d
020 _a9951050417
041 _aeng
080 _a341.485
100 _a25
101 _angjarje
245 _aSpastrimet Etnike
_cHivzi Islami
942 _2udc
_cBK
999 _c60955
_d60955